[Event "Chigorin Memorial 31st"]
[Site "St Petersburg"]
[Date "2024.10.30"]
[Round "5"]
[White "Ivanov, Kirill Yu"]
[Black "Fatkhlislamov, Rodion"]
[Result "1-0"]
[WhiteElo "1460"]
[BlackElo "1645"]
[PlyCount "145"]
[EventDate "2024.10.26"]
[EventType "swiss"]
[EventRounds "9"]
[EventCountry "RUS"]
[SourceTitle "CB45_2024"]
[Source "ChessBase"]
[SourceDate "2024.11.06"]
[SourceVersion "1"]
[SourceVersionDate "2024.11.06"]
[SourceQuality "1"]

1. e4 c5 2. Nf3 Nc6 3. d4 cxd4 4. Nxd4 Nf6 5. Nc3 e5 6. Ndb5 d6 7. Bg5 a6 8. Na3 b5 9. Nd5 Be7 10. Bxf6 Bxf6 11. c3 0-0 12. Be2 Bg5 13. 0-0 f5 14. exf5 Bxf5 15. Bg4 Bg6 16. Nc2 Kh8 17. Ncb4 Nxb4 18. Nxb4 Bf7 19. Bf3 Rc8 20. Bb7 Rc7 21. Bxa6 Bc4 22. Re1 Rcf7 23. f3 Qb6+ 24. Kh1 Ra7 25. b3 Be6 26. a4 bxa4 27. Rxa4 Raf7 28. Bc4 Bxc4 29. bxc4 Qf2 30. Nd3 Qb6 31. Qb1 Qxb1 32. Rxb1 e4 33. Ne1 Bd2 34. c5 dxc5 35. Rxe4 Bxc3 36. Nd3 Bd4 37. Rc1 Rf5 38. h4 h6 39. Kh2 Rd5 40. Kh3 Rc8 41. Nf4 Rd6 42. h5 Rdc6 43. Ng6+ Rxg6 44. hxg6 Rf8 45. f4 Kg8 46. Rce1 Bc3 47. R1e2 Bd4 48. g4 Bc3 49. f5 Bf6 50. Rc4 Bd4 51. Re6 Ra8 52. Rc1 Ra3+ 53. Kg2 Kf8 54. Rb1 Ra8 55. Kf3 Rd8 56. Ke4 Bc3 57. Rb5 Bd4 58. Kd3 Ra8 59. Kc4 Rd8 60. Rb7 Kg8 61. Rc7 Ra8 62. Rec6 Re8 63. Rc8 Kf8 64. Rxe8+ Kxe8 65. Rc7 Kf8 66. Kd5 Ke8 67. Ra7 Kd8 68. Kc6 c4 69. Ra4 Ke7 70. Rxc4 Bb2 71. Re4+ Kf6 72. Kd7 Be5 73. Rxe5 1-0